• AIU
  • Tony Wilmot Memorial Library

MMPI-2 : (Record no. 60259)

MARC details
000 -LEADER
fixed length control field 01374pam a2200337 a 4500
001 - CONTROL NUMBER
control field 2522375
003 - CONTROL NUMBER IDENTIFIER
control field OSt
005 - DATE AND TIME OF LATEST TRANSACTION
control field 20170516020004.0
008 - FIXED-LENGTH DATA ELEMENTS--GENERAL INFORMATION
fixed length control field 930108s1993 nyua b 001 0 eng c
010 ## - LIBRARY OF CONGRESS CONTROL NUMBER
LC control number 93009161
020 ## - INTERNATIONAL STANDARD BOOK NUMBER
International Standard Book Number 0195079221
040 ## - CATALOGING SOURCE
Original cataloging agency DNLM/DLC
Transcribing agency DLC
Modifying agency DLC
050 00 - LIBRARY OF CONGRESS CALL NUMBER
Classification number RC473.M5
Item number G73 1993
060 ## - NATIONAL LIBRARY OF MEDICINE CALL NUMBER
Classification number WM 145 G7393m 1993
082 00 - DEWEY DECIMAL CLASSIFICATION NUMBER
Classification number 155.2/83
Edition number 20
100 1# - MAIN ENTRY--PERSONAL NAME
Personal name Graham, John R.
Dates associated with a name (John Robert),
Fuller form of name 1940-
9 (RLIN) 31533
245 10 - TITLE STATEMENT
Title MMPI-2 :
Remainder of title assessing personality and psychopathology /
Statement of responsibility, etc John R. Graham.
250 ## - EDITION STATEMENT
Edition statement 2nd ed.
260 ## - PUBLICATION, DISTRIBUTION, ETC. (IMPRINT)
Place of publication, distribution, etc New York :
Name of publisher, distributor, etc Oxford University Press,
Date of publication, distribution, etc 1993.
300 ## - PHYSICAL DESCRIPTION
Extent xviii, 398 p. :
Other physical details ill. ;
Dimensions 25 cm.
504 ## - BIBLIOGRAPHY, ETC. NOTE
Bibliography, etc Includes bibliographical references (p. 329-350) and indexes.
650 #0 - SUBJECT ADDED ENTRY--TOPICAL TERM
Topical term or geographic name as entry element Minnesota Multiphasic Personality Inventory.
9 (RLIN) 31534
650 #2 - SUBJECT ADDED ENTRY--TOPICAL TERM
Topical term or geographic name as entry element MMPI
9 (RLIN) 31535
740 0# - ADDED ENTRY--UNCONTROLLED RELATED/ANALYTICAL TITLE
Uncontrolled related/analytical title MMPI-two.
856 42 - ELECTRONIC LOCATION AND ACCESS
Materials specified Publisher description
Uniform Resource Identifier <a href="http://www.loc.gov/catdir/enhancements/fy0639/93009161-d.html">http://www.loc.gov/catdir/enhancements/fy0639/93009161-d.html</a>
856 41 - ELECTRONIC LOCATION AND ACCESS
Materials specified Table of contents only
Uniform Resource Identifier <a href="http://www.loc.gov/catdir/enhancements/fy0639/93009161-t.html">http://www.loc.gov/catdir/enhancements/fy0639/93009161-t.html</a>
856 42 - ELECTRONIC LOCATION AND ACCESS
Materials specified Contributor biographical information
Uniform Resource Identifier <a href="http://www.loc.gov/catdir/enhancements/fy0725/93009161-b.html">http://www.loc.gov/catdir/enhancements/fy0725/93009161-b.html</a>
906 ## - LOCAL DATA ELEMENT F, LDF (RLIN)
a 7
b cbc
c orignew
d 1
e ocip
f 19
g y-gencatlg
942 ## - ADDED ENTRY ELEMENTS (KOHA)
Source of classification or shelving scheme Library of Congress Classification
Koha item type Books
Koha issues (borrowed), all copies 3
Holdings
Withdrawn status Lost status Source of classification or shelving scheme Damaged status Not for loan Collection code Home library Current library Shelving location Date acquired Source of acquisition Cost, normal purchase price Total Checkouts Total Renewals Full call number Barcode Date last seen Date checked out Copy number Price effective from Koha item type
    Library of Congress Classification     General Circulation AIU/NEGST - Tony Wilmot Memorial Library AIU/NEGST - Tony Wilmot Memorial Library General Stacks 09/22/2014 Donation-TBN 25.00 7 1 RC 473.M5 G73 1993 R30778M3232 02/19/2024 02/03/2024 1 09/22/2014 Books